|
LDR
| 02577nam a2200637 4500 |
|---|
| 001 | 20091 |
|---|
| 003 | CZ-PrJAB |
|---|
| 005 | 20200108084835.0 |
|---|
| 007 | tu |
|---|
| 008 | 930923s1993 xr g u0|0 1acze |
|---|
| 015 | | . |
‡acnb000097659 |
|---|
| 020 | | . |
‡a80-7178-958-5
‡q(v knize neuvedeno :
‡qbrož.)
‡z80-85282-X |
|---|
| 035 | | . |
‡a(CZ PrNK)np9316820 |
|---|
| 035 | | . |
‡a(OCoLC)85643300 |
|---|
| 040 | | . |
‡aABA001
‡bcze |
|---|
| 041 | 1 | . |
‡acze
‡hfre |
|---|
| 043 | | . |
‡ae-fr--- |
|---|
| 045 | | . |
‡ax7x8 |
|---|
| 072 | | 7. |
‡a376
‡xVýchova a vzdělávání zvláštních skupin osob
‡2Konspekt
‡922 |
|---|
| 072 | | 7. |
‡a929
‡xBiografie
‡2Konspekt
‡98 |
|---|
| 080 | | . |
‡a272-726.3
‡2MRF |
|---|
| 080 | | . |
‡a37.011.3-051
‡2MRF |
|---|
| 080 | | . |
‡a929
‡2MRF |
|---|
| 080 | | . |
‡a316.346.32-053.6-056.49
‡2MRF |
|---|
| 080 | | . |
‡a37.03-053.6
‡2MRF |
|---|
| 080 | | . |
‡a374.32
‡2MRF |
|---|
| 080 | | . |
‡a364-78
‡2MRF |
|---|
| 080 | | . |
‡a27-46
‡2MRF |
|---|
| 080 | | . |
‡a(44)
‡2MRF |
|---|
| 080 | | . |
‡a(0:82-94)
‡2MRF |
|---|
| 080 | | . |
‡a929Gilbert,G.
‡2undef |
|---|
| 100 | 1 | . |
‡aGilbert, Guy,
‡d1935-
‡7jn20000700613
‡4aut |
|---|
| 245 | 1 | 0. |
‡aBratr vyvržených :
‡bkněz na pařížské periferii /
‡cGuy Gilbert ; Z franc. přel. Eva Špinková ; Za spolupráce Michela Clévenota ; Graf. úprava Pavel Bosák |
|---|
| 250 | | . |
‡a1. vyd. |
|---|
| 260 | | . |
‡aPraha :
‡bPortál,
‡c1993
‡e(Havlíčkův Brod :
‡fTiskárna Havlíčkův Brod) |
|---|
| 300 | | . |
‡a126 s. ;
‡c21 cm |
|---|
| 600 | 1 | 7. |
‡aGilbert, Guy,
‡d1935-
‡7jn20000700613
‡2czenas |
|---|
| 648 | | 4. |
‡a1970-1989 |
|---|
| 648 | | 7. |
‡a20. století
‡7ch460558
‡2czenas |
|---|
| 648 | | 7. |
‡a20.-21. století
‡7ch462155
‡2czenas |
|---|
| 650 | 0 | 7. |
‡akatoličtí kněží
‡7ph114899
‡zFrancie
‡y20.-21. století
‡2czenas |
|---|
| 650 | 0 | 7. |
‡avychovatelé
‡7ph127262
‡zFrancie
‡y20.-21. století
‡2czenas |
|---|
| 650 | 0 | 7. |
‡ariziková mládež
‡7ph120218
‡zFrancie
‡y20. století
‡2czenas |
|---|
| 650 | 0 | 7. |
‡aproblémová mládež
‡7ph115420
‡zFrancie
‡y20. století
‡2czenas |
|---|
| 650 | 0 | 7. |
‡avýchova mládeže
‡7ph127427
‡zFrancie
‡y20. století
‡2czenas |
|---|
| 650 | 0 | 7. |
‡apráce s mládeží
‡7ph124700
‡zFrancie
‡y20. století
‡2czenas |
|---|
| 650 | 0 | 7. |
‡asociální práce
‡7ph125805
‡zFrancie
‡y20. století
‡2czenas |
|---|
| 650 | 0 | 7. |
‡apastorace
‡7ph123988
‡zFrancie
‡y20. století
‡2czenas |
|---|
| 651 | | 7. |
‡aPaříž (Francie)
‡7ge130380
‡2czenas |
|---|
| 655 | | 7. |
‡aautobiografické vzpomínky
‡7fd131854
‡2czenas |
|---|
| 700 | 1 | . |
‡aBosák, Pavel
‡7jo20010082979
‡4art |
|---|
| 700 | 1 | . |
‡aClévenot, Michel,
‡d1932-1993
‡7xx0129533
‡4aut |
|---|
| 700 | 1 | . |
‡aŠpinková, Eva
‡7jx20040210020
‡4trl |
|---|
| 765 | 0 | . |
‡tPrêtre chez les loubards
‡9Česky |
|---|
| 910 | | . |
‡aABE463 |
|---|
| 910 | | . |
‡aABG312 |
|---|
| 995 | | . |
‡aska |
|---|
| 901 | | . |
‡a20091
‡bCZ-PrJAB
‡c20091
‡tbiblio |
|---|